000 00565nam a22002297a 4500
003 UA-OsUOA
001 50495
007 ta
008 20071119b un ||||| |||| 00| 0 ukr d
100 _aРуденко М.
090 _a821.161.2
_bР83
942 _cBK
040 _aUA-OsUOA
_bukr
_cUA-OsUOA
_dUA-OsUOA
245 _aВибране
300 _a796 с.
955 _a3
041 _aukr
080 _a821.161.2
260 _aК.
_bДніпро
_c2004
650 7 _a82 Література. Літературознавство
_2UDC
999 _c336597
_d336597